<?xml version="1.0" encoding="UTF-8"?>
<record
    xmlns:xsi="http://www.w3.org/2001/XMLSchema-instance"
    xsi:schemaLocation="http://www.loc.gov/MARC21/slim http://www.loc.gov/standards/marcxml/schema/MARC21slim.xsd"
    xmlns="http://www.loc.gov/MARC21/slim">

  <leader>00971nam a22002295i 4500</leader>
  <controlfield tag="001">176824</controlfield>
  <controlfield tag="003">ES-MaACL</controlfield>
  <controlfield tag="005">20251011063156.0</controlfield>
  <controlfield tag="008">110214s1959    sp           |||| | spa d</controlfield>
  <datafield tag="080" ind1=" " ind2=" ">
    <subfield code="a">272(460.224 Z.)</subfield>
  </datafield>
  <datafield tag="100" ind1="0" ind2=" ">
    <subfield code="a">P&#xE9;rez, Antonio, </subfield>
    <subfield code="d">1540-1611</subfield>
    <subfield code="9">90557</subfield>
  </datafield>
  <datafield tag="245" ind1="1" ind2="3">
    <subfield code="a">Un peda&#xE7;o de historia de lo sucedido en &#xC7;arago&#xE7;a de Arag&#xF3;n, a 24 de setiembre, del a&#xF1;o 1591 </subfield>
    <subfield code="b">: (Pau, 1591) / </subfield>
    <subfield code="c">Antonio P&#xE9;rez ; [noticia bibliogr&#xE1;fica por Antonio P&#xE9;rez G&#xF3;mez].</subfield>
  </datafield>
  <datafield tag="260" ind1=" " ind2=" ">
    <subfield code="a">Valencia : </subfield>
    <subfield code="b">La fonte que mana y corre, </subfield>
    <subfield code="c">1959.</subfield>
  </datafield>
  <datafield tag="300" ind1=" " ind2=" ">
    <subfield code="a">XXII, 127 p. ; </subfield>
    <subfield code="c">18 cm.</subfield>
  </datafield>
  <datafield tag="490" ind1="1" ind2=" ">
    <subfield code="a">Duque y marqu&#xE9;s : op&#xFA;sculos literarios rar&#xED;simos ; </subfield>
    <subfield code="v">14</subfield>
  </datafield>
  <datafield tag="500" ind1=" " ind2=" ">
    <subfield code="a">Reproducci&#xF3;n facs. de la port.</subfield>
  </datafield>
  <datafield tag="650" ind1=" " ind2="4">
    <subfield code="a">Inquisici&#xF3;n-</subfield>
    <subfield code="z">Zaragoza.</subfield>
    <subfield code="9">145166</subfield>
  </datafield>
  <datafield tag="700" ind1="0" ind2=" ">
    <subfield code="a">P&#xE9;rez y G&#xF3;mez, Antonio, </subfield>
    <subfield code="d">1902-1976</subfield>
    <subfield code="9">91216</subfield>
  </datafield>
  <datafield tag="830" ind1="0" ind2=" ">
    <subfield code="a">Duque y marqu&#xE9;s : op&#xFA;sculos literarios rar&#xED;simos ; </subfield>
    <subfield code="v">14</subfield>
    <subfield code="9">190262</subfield>
  </datafield>
  <datafield tag="852" ind1=" " ind2=" ">
    <subfield code="a">ES-MaACL</subfield>
    <subfield code="j">E-14301 </subfield>
    <subfield code="x">Olim P-292</subfield>
  </datafield>
  <datafield tag="999" ind1=" " ind2=" ">
    <subfield code="c">176824</subfield>
    <subfield code="d">176824</subfield>
  </datafield>
  <datafield tag="952" ind1=" " ind2=" ">
    <subfield code="0">0</subfield>
    <subfield code="1">0</subfield>
    <subfield code="4">0</subfield>
    <subfield code="7">0</subfield>
    <subfield code="a">ATENEOM</subfield>
    <subfield code="b">ATENEOM</subfield>
    <subfield code="c">DEPO2</subfield>
    <subfield code="d">2011-02-14</subfield>
    <subfield code="e">DON</subfield>
    <subfield code="l">0</subfield>
    <subfield code="o">E-14301</subfield>
    <subfield code="p">1185716</subfield>
    <subfield code="r">2023-02-23 00:00:00</subfield>
    <subfield code="w">2023-02-23</subfield>
    <subfield code="y">MONOGRAFIA</subfield>
  </datafield>
</record>
